1000 x Architecture of the Americas / (Record no. 13751)
[ view plain ]
| 000 -LEADER | |
|---|---|
| fixed length control field | 00953cam a2200277 a 4500 |
| 001 - CONTROL NUMBER | |
| control field | 15537997 |
| 003 - CONTROL NUMBER IDENTIFIER | |
| control field | EG-ScBUE |
| 005 - DATE AND TIME OF LATEST TRANSACTION | |
| control field | 20221212112731.0 |
| 008 - FIXED-LENGTH DATA ELEMENTS--GENERAL INFORMATION | |
| fixed length control field | 081121s2008 gw a f 001 0 eng d |
| 020 ## - INTERNATIONAL STANDARD BOOK NUMBER | |
| International Standard Book Number | 9783938780565 |
| 040 ## - CATALOGING SOURCE | |
| Original cataloging agency | DLC |
| Language of cataloging | eng |
| Description conventions | rda |
| Transcribing agency | DLC |
| Modifying agency | EG-ScBUE |
| 043 ## - GEOGRAPHIC AREA CODE | |
| Geographic area code | n------ |
| -- | nc----- |
| -- | cc----- |
| -- | s------ |
| 082 04 - DEWEY DECIMAL CLASSIFICATION NUMBER | |
| Edition number | 22 |
| Classification number | 720.973 |
| Item number | ARC |
| 245 00 - TITLE STATEMENT | |
| Title | 1000 x Architecture of the Americas / |
| Statement of responsibility, etc | [Editor in chief, Michelle Galindo]. |
| 246 18 - VARYING FORM OF TITLE | |
| Title proper/short title | North America, Central America, Caribbean, South America |
| 264 ## - PUBLICATION, DISTRIBUTION, ETC. (IMPRINT) | |
| Place of publication, distribution, etc | [Berlin] : |
| Name of publisher, distributor, etc | Braun, |
| Date of publication, distribution, etc | 2008. |
| 300 ## - PHYSICAL DESCRIPTION | |
| Extent | 1022 pages : |
| Other physical details | color illustrations ; |
| Dimensions | 34 cm |
| 500 ## - GENERAL NOTE | |
| General note | Includes index. |
| 650 #7 - SUBJECT ADDED ENTRY--TOPICAL TERM | |
| Topical term or geographic name as entry element | Architecture |
| Geographic subdivision | America |
| General subdivision | History |
| Chronological subdivision | 21st century |
| Form subdivision | Pictorial works. |
| Source of heading or term | BUEsh |
| 9 (RLIN) | 12982 |
| 651 ## - SUBJECT ADDED ENTRY--GEOGRAPHIC NAME | |
| Source of heading or term | BUEsh |
| 653 ## - INDEX TERM--UNCONTROLLED | |
| Resource For college | Engineering, Architecture |
| 655 ## - INDEX TERM--GENRE/FORM | |
| Form subdivision | Reading book |
| 700 1# - ADDED ENTRY--PERSONAL NAME | |
| Personal name | Galindo, Michelle, |
| Relator term | editor. |
| 9 (RLIN) | 12983 |
| 942 ## - ADDED ENTRY ELEMENTS (KOHA) | |
| Source of classification or shelving scheme | Dewey Decimal Classification |
| Koha item type | Book - Borrowing |
| Withdrawn status | Lost status | Source of classification or shelving scheme | Damaged status | Not for loan | Collection code | Home library | Current library | Shelving location | Date acquired | Source of acquisition | Cost, normal purchase price | Serial Enumeration / chronology | Total Checkouts | Total Renewals | Full call number | Barcode | Date last seen | Date checked out | Koha item type |
|---|---|---|---|---|---|---|---|---|---|---|---|---|---|---|---|---|---|---|---|
| Dewey Decimal Classification | Alahram | Central Library | Central Library | Ground Floor | 23/03/2010 | 719.50 | 33 | 7 | 16 | 720.973 ARC | 000020312 | 15/07/2025 | 17/04/2013 | Reference (NB) |